000 00687cam a2200217 4500
001 ##D8401
008 090401t1979 xxu||||| |||| 00| 0 eng d
035 _a(Sirsi) u12733
041 0 _aeng
050 0 4 _a692.3095125 $2 18
110 2 _aRoyal Institution of Chartered Surveyors
_bHong Kong Branch
_91269
245 0 0 _aHong Kong standard method of measurement of building works
250 _a3rd ed.
260 _aHong Kong
_bRICS
_c1979
300 _a84p.
_c30cm
650 2 4 _aSTANDARD METHOD OF MEASUREMENT (HONG KONG) (THIRD EDITION)
651 _aHONG KONG
690 _aBUILT ENVIRONMENT-QUANTITY SURVEYING-STANDARD METHOD OF MEASURMENT
942 _n0
948 _c04/03/1997
999 _c87029
_d87029